Vista normal Vista MARC

Entrada Personal Name

Número de registros utilizados en: 1

001 - CONTROL NUMBER

  • control field: 9661

003 - CONTROL NUMBER IDENTIFIER

  • control field: OSt

005 - DATE AND TIME OF LATEST TRANSACTION

  • control field: 20200902191421.0

008 - FIXED-LENGTH DATA ELEMENTS

  • fixed length control field: 200902|| aca||aabn | a|a d

040 ## - CATALOGING SOURCE

  • Original cataloging agency: OSt
  • Transcribing agency: OSt

100 ## - HEADING--PERSONAL NAME

  • Personal name: Sófocles,
  • Dates associated with a name: 496-406 a.C

670 ## - SOURCE DATA FOUND

  • Source citation: Work cat.: (OSt)3571: Eurípides, 480-406 a. de J. C. autor 9660, Medea /, ©1994